000 00926nmm a2200289 a 4500
001 ocm0001299426
003 TR-IsHL
005 20201028162003.0
008 160715s2014 tu tur
007 cr cn
020 _a9786055541477
035 _a1299426
_b(N$T)
050 0 4 _aB53
_b.T56 2014
090 0 4 _aB53
_b.T56 2014
100 1 _aTimur, Taner
245 1 0 _aFelsefe, toplum bilimleri ve tarihçi
_h[electronic resource] /
_cTaner Timur
250 _a2. basım
260 _aİstanbul :
_bYordam Kitap,
_c2014
300 _a496 p.
500 _aKaynakça ve dizin var.
_x
650 4 _aFelsefe, Psikoloji ve Din
650 4 _aPhilosophy, Psychology and Religion
650 0 _aSosyal bilimler
_xFelsefe
650 0 _aSocial sciences
_xPhilosophy
650 7 _aSOCIAL SCIENCE / General
_2bisacsh
856 4 0 _uhttp://search.ebscohost.com/login.aspx?direct=true&scope=site&db=e011xww&AN=1299426
999 _c14464
_d14464